Statystyki dla Stany USA w skrócie

Kliknij tutaj aby rozwiązać quiz!

Ogólne statystyki

  • Ten quiz został rozwiązany 22 razy
  • Średni wynik to 21 z 50

Odpowiedzi na mapie

Odpowiedzi skodowane kolorowo w zielono-czerwonej skali na mapie do tego quizu, zgodnie z poniższymi procentami.
 

Statystyki odpowiedzi

SkrótStan% Poprawnych
ALAlabama
67%
FLFloryda
67%
MIMichigan
67%
TXTeksas
67%
CAKalifornia
60%
MSMissisipi
60%
NYNowy Jork
60%
OROregon
60%
AKAlaska
53%
ARArkansas
53%
COKolorado
53%
DEDelaware
53%
IDIdaho
53%
MAMassachusetts
53%
NENebraska
53%
NJNew Jersey
53%
NVNevada
53%
WIWisconsin
53%
AZArizona
47%
GAGeorgia
47%
MNMinnesota
47%
NDDakota Północna
47%
NMNowy Meksyk
47%
SDDakota Południowa
47%
WAWaszyngton
47%
WYWyoming
47%
HIHawaje
40%
ILIllinois
40%
INIndiana
40%
MOMissouri
40%
NCKarolina Północna
40%
SCKarolina Południowa
40%
UTUtah
40%
KSKansas
33%
LALuizjana
33%
MTMontana
33%
OHOhio
33%
OKOklahoma
33%
RIRhode Island
33%
TNTennessee
33%
CTConnecticut
27%
KYKentucky
27%
NHNew Hampshire
27%
PAPensylwania
27%
IAIowa
20%
MDMaryland
20%
MEMaine
20%
VTVermont
20%
WVWirginia Zachodnia
20%
VAWirginia
7%

Rozkład punktacji

Percentyl według liczby udzielonych odpowiedzi

Procent ludzi z każdym wynikiem

Twoja historia wyników

Nie rozwiązałeś tego quizu